000 00679nam a2200133Ia 4500
008 220620s9999||||xx |||||||||||||| ||und||
020 _a9780260000000
100 _aRistovska, Sandra
245 0 _aSeeing Human Rights
_bVideo Activism as a Proxy Profession
546 _aEnglish[eng]
650 _aactivism||video||images||visual evidence||verification||proxy profession||human rights||journalism||law||advocacy||politics||policy||new institutionalism||professionalization||open source investigation||witnessing||Amnesty International||Human Rights Watch||WITNESS||Syrian Archive||Forensic Architecture
856 _uhttps://doi.org/10.7551/mitpress/12244.001.0001
942 _cEB
999 _c32290
_d32290